000 00293nam a22001337a 4500
008 170606b xxu||||| |||| 00| 0 eng d
020 _a0801491215
041 _aeng
080 _a94(6)
100 _a18
101 _aSHH
245 _aAFRICA IN THE MODERN WORLD
_cVINE,V.T
942 _2udc
_cBK
999 _c16103
_d16103